000 00633nam a2200205Ia 4500
005 20241216011312.0
008 190429s9999||||xx |||||||||||||| ||und||
082 _a551
_bN29
100 _aNAVARRO VELIZ JAVIER AMADOR
245 0 _aESTUDIO GEOESTADISTICO DE LA MINA SAN IGNACIO DE MOROCOCHA - VETA SAN ANDRES
250 _a0
260 _aCERRO DE PASCO-PERU
_bUNDAC
_c1992
300 _a85 pag.
_c30 cm.
341 _h0
490 _v0
_a0
505 _aDESCRIPCION/GEOLOGICA/CARACTERISTICA/CRITERIOS/ESTADISTICO
541 _aD
_bNAVARRO VELIZ, JAVIER A.
_d18-Mar-03
_oSoles
650 _aIngenieria Geologica
942 _cTESIS
999 _c38179
_d38179